Software engineering (Record no. 22708)

000 -LEADER
fixed length control field 00572nam a2200205 a 4500
001 - CONTROL NUMBER
control field 22708
003 - CONTROL NUMBER IDENTIFIER
control field BD-DhUET
008 - FIXED-LENGTH DATA ELEMENTS--GENERAL INFORMATION
fixed length control field 861001s1987 caua b 001 0 eng
020 ## - INTERNATIONAL STANDARD BOOK NUMBER
International Standard Book Number 0534075061
040 ## - CATALOGING SOURCE
Original cataloging agency DLC
Transcribing agency DLC
Modifying agency BD-DhUET
082 00 - DEWEY DECIMAL CLASSIFICATION NUMBER
Classification number 005.1
Item number STE/1987
100 1# - MAIN ENTRY--PERSONAL NAME
Personal name Steward, Donald V.
245 10 - TITLE STATEMENT
Title Software engineering
Remainder of title with systems analysis and design
250 ## - EDITION STATEMENT
Edition statement 1st ed.
260 ## - PUBLICATION, DISTRIBUTION, ETC. (IMPRINT)
Place of publication, distribution, etc. California
Name of publisher, distributor, etc. Brooks/Cole Publishing
Date of publication, distribution, etc. 1987
300 ## - PHYSICAL DESCRIPTION
Extent xvii, 414 p.
Other physical details ill.
Dimensions 24 cm.
504 ## - BIBLIOGRAPHY, ETC. NOTE
Bibliography, etc Includes bibliographies
650 #0 - SUBJECT ADDED ENTRY--TOPICAL TERM
Topical term or geographic name as entry element Software engineering
942 ## - ADDED ENTRY ELEMENTS (KOHA)
Koha item type General Book
Holdings
Koha issues (times borrowed) Piece designation (barcode) Lost status Shelving location Withdrawn status Location (home branch) Damaged status Date acquired Koha date last borrowed Koha item type Not for loan Koha date last seen Sublocation or collection (holding branch) Source of classification or shelving scheme Koha normalized classification for sorting Price effective from Copy number Koha full call number
179618 Circulation section Central Library, BUET 2015-04-292018-11-04General Book 2019-09-25Central Library, BUET 005_100000000000000_STE_19872015-04-291005.1/STE/1987